000
00308nam a22001217a 4500
020
_a
0-13-538471-0
082
_a
512.5 BAK'L
100
_a
PORTEOUS, H.L, BAKER, A.C
_9
67416
245
_a
LINEAR ALGEBRA AND DIFFERENTIAL EQUATIONS
260
_a
NEW YORK
_b
ELLIS HORWOOD
_c
1990
300
_a
424P
942
_c
BK
999
_c
575204
_d
575204